Countries that hasn't won ESC - Statistics

General Stats
  • This quiz has been taken 13 times
  • The average score is 22 of 25
Answer Stats
Answer % Correct
Andorra
100%
Armenia
100%
Bulgaria
100%
Croatia
100%
Cyprus
100%
Lithuania
100%
Montenegro
100%
Slovakia
100%
Slovenia
100%
Albania
92%
Australia
92%
Bosnia & Herzegovina
92%
Czech Republic
92%
Hungary
92%
Moldova
92%
Poland
92%
San Marino
92%
Belarus
83%
Georgia
83%
Iceland
83%
Malta
83%
North Macedonia
83%
Morocco
75%
Luxembourg
67%
Serbia & Montenegro
42%
No matching quizzes found
Score Distribution
Percent of People with Each Score
Percentile by Number Answered
Your Score History
You have not taken this quiz